00381nam a2200109Ia 4500008004100000082001700041100002300058245003300081260003900114630001800153650010000171211109s9999||||xx |||||||||||||| ||und|| a494.8bZAC-E aZacrias Thobiyas,  0aEnglish Malayalam Dictionary bNATIONAL BOOKSTALLaKottayamc1900 xGeneral Stack aAltaic, Uralic, Hyperborean & DravidianvOther languagesEnglish DictionaryDictionaryxGeneralia